| 000 | 00662cam a22001935a 4500 | ||
|---|---|---|---|
| 001 | L157571 | ||
| 008 | 130123s1815 xxk f 000 0 eng d | ||
| 035 | _a(Sirsi) u157571 | ||
| 041 | 0 | _aeng | |
| 100 | 1 |
_aRobins, George Henry _d1778-1847 |
|
| 245 | 0 | 0 | _aMr George Robins's book of selected advertisements with some occasional paragraphs commencing in the year 1815 |
| 260 | _c1815 | ||
| 300 | _a1 v. | ||
| 520 | _aA scrapbook of newspaper advertisments relating to property auctions held by George Robins. | ||
| 583 |
_aCondition reviewed _c20120620 _lcondition level 4 |
||
| 651 | 4 |
_aGreat Britain _y1707- |
|
| 690 |
_aAuctioneering _96218 |
||
| 942 | _n0 | ||
| 999 |
_c114843 _d114843 |
||